000 00682cam a22002293a 4500
001 16231
003 PGUSA
005 20140828083339.0
008 050707s2005||||xxu|||||s|||||000 1 eng d
040 _aPGUSA
_beng
042 _adc
050 4 _aPZ
100 1 _aMunroe, Kirk,
_d1850-1930
245 1 0 _a"Forward, March" :
_bA Tale of the Spanish-American War
_h[electronic resource] /
_cKirk Munroe
260 _bProject Gutenberg,
_c2005
506 _aPublic domain in the USA.
516 _aElectronic text
653 _aSpanish-American War, 1898 -- Juvenile fiction
830 0 _aProject Gutenberg
_v16231
856 4 0 _uhttp://www.gutenberg.org/ebooks/16231
942 _cEB
999 _c245486
_d245486